MyGZULibrary

Handbook of hyperactivity in children / (Record no. 5324)

MARC details
000 -LEADER
fixed length control field 01014pam a2200277 a 4500
001 - CONTROL NUMBER
control field 2013034
003 - CONTROL NUMBER IDENTIFIER
control field GZU
005 - DATE AND TIME OF LATEST TRANSACTION
control field 20210331121329.0
008 - FIXED-LENGTH DATA ELEMENTS--GENERAL INFORMATION
fixed length control field 910215s1993 maua b 001 0 eng c
010 ## - LIBRARY OF CONGRESS CONTROL NUMBER
LC control number 91002459
020 ## - INTERNATIONAL STANDARD BOOK NUMBER
International Standard Book Number 0205145914
040 ## - CATALOGING SOURCE
Original cataloging agency DNLM/DLC
Transcribing agency DLC
Modifying agency DLC
050 00 - LIBRARY OF CONGRESS CALL NUMBER
Classification number RJ506.H9
Item number HAN 1993
245 00 - TITLE STATEMENT
Title Handbook of hyperactivity in children /
Statement of responsibility, etc. Johnny L. Matson, editor.
260 ## - PUBLICATION, DISTRIBUTION, ETC.
Place of publication, distribution, etc. Boston :
Name of publisher, distributor, etc. Allyn and Bacon,
Date of publication, distribution, etc. c1993.
300 ## - PHYSICAL DESCRIPTION
Extent xiii, 354 p. :
Other physical details ill. ;
Dimensions 25 cm.
504 ## - BIBLIOGRAPHY, ETC. NOTE
Bibliography, etc. note Includes bibliographical references and indexes.
650 #0 - SUBJECT ADDED ENTRY--TOPICAL TERM
Topical term or geographic name entry element Attention-deficit hyperactivity disorder.
650 #2 - SUBJECT ADDED ENTRY--TOPICAL TERM
Topical term or geographic name entry element Attention Deficit Disorder with Hyperactivity
General subdivision diagnosis.
650 #2 - SUBJECT ADDED ENTRY--TOPICAL TERM
Topical term or geographic name entry element Attention Deficit Disorder with Hyperactivity
General subdivision etiology.
650 #2 - SUBJECT ADDED ENTRY--TOPICAL TERM
Topical term or geographic name entry element Attention Deficit Disorder with Hyperactivity
General subdivision therapy.
700 1# - ADDED ENTRY--PERSONAL NAME
Personal name Matson, Johnny L.
Relator term editor
906 ## - LOCAL DATA ELEMENT F, LDF (RLIN)
a 7
b cbc
c orignew
d 1
e ocip
f 19
g y-gencatlg
942 ## - ADDED ENTRY ELEMENTS (KOHA)
Source of classification or shelving scheme Library of Congress Classification
Koha item type Books
Classification part 506.H9
Item part HAN
Call number prefix RJ
Holdings
Withdrawn status Lost status Source of classification or shelving scheme Damaged status Not for loan Collection code Home library Current library Shelving location Date acquired Inventory number Total Checkouts Full call number Barcode Date last seen Copy number Price effective from Koha item type
    Library of Congress Classification     Non-fiction City Campus Library City Campus Library General Stacks 03/31/2021 3301   RJ506.H9 HAN 1993 G20581 03/31/2021 c. 1 03/31/2021 Books